Statystyki dla wszystkie drużyny piłkarskie w ekstraklasie na sezon 2023/24

Kliknij tutaj aby rozwiązać quiz!

Ogólne statystyki

  • Ten quiz został rozwiązany 37 razy
  • Średni wynik to 15 z 18

Statystyki odpowiedzi

Odpowiedź% Poprawnych
Legia Warszawa
100%
Lech Poznań
97%
Raków Częstochowa
97%
Jagiellonia Białystok
90%
Śląsk Wrocław
90%
ŁKS Łódź
87%
Pogoń Szczecin
87%
Ruch Chorzów
84%
Warta Poznań
84%
Cracovia
81%
Radomiak Radom
81%
Korona Kielce
77%
Puszcza Niepołomice
77%
Widzew Łódź
77%
Zagłębie Lubin
77%
Stal Mielec
68%
Piast Gliwice
52%
Górnik Zabrze
48%

Rozkład punktacji

Percentyl według liczby udzielonych odpowiedzi

Procent ludzi z każdym wynikiem

Twoja historia wyników

Nie rozwiązałeś tego quizu